000 00855nam a2200241 i 4500
001 114957
003 ES-MaACL
005 20250209063045.0
007 t|
008 070214s1932 sp ||||1| spa d
080 _a821.134.2-22"19"
100 1 _aVargas, Luis de,
_d1891-1949
_9113198
245 1 0 _aConcha Moreno
_b: comedia en tres actos, en prosa. Original /
_cLuis de Vargas ; dibujos de Gutiérrez Navas.
260 _aMadrid :
_bRivadeneyra,
_c1932.
300 _a63 p. :
_bil ;
_c17 cm.
490 1 _aLa Farsa ;
_v266
500 _aEstrenada en el Teatro Fontalba, de Madrid, el 11 de mayo de 1932.
500 _aCubierta de este número: Carmen Díaz, gran actriz.
700 1 _aGutiérrez Navas, Manuel,
_d1890-1971
_961196
830 0 _aLa Farsa ;
_v266
_9185863
852 _aES-MaACL
_jC-13220
999 _c114957
_d114957